00930nam a22002417a 450000500170000001000130001702000250003003500130005503700160006804000120008408200150009610000310011124500570014226000530019927000500025230000260030265000250032865000350035394200240038899900190041295201260043195201310055720170124110148.0 aB-159060 c895.00a978817648924 aB-159060 bCen Lib/Ret aDPLbEN a660.6bBAN aBanerjee, Meenakshi933775 aBiotechnology :cby Meenakshi Banerjeeba glossary / aNew DelhibA. P. H. Publishing Corporationc2005 bNew Delhia5, Ansari Road, Darya Ganje110002 aviii,337p. c22cm(Hb) aBiotechnology933776 aBiochemical engineering933777 2ddccENh660.6mBAN c132127d132127 00104070aLbLd2015-07-21eCen Lib/Retg895.00l0o660.6 BANpB-159060r2015-07-21 00:00:00t1v895.00w2015-07-21yEN 001040718REFaLbLd2015-07-31eCen Lib/Retg895.00l0o660.6 BANpB-159061r2015-07-31 00:00:00t2v895.00w2015-07-31yEN